[Event "World School-ch U13 11th"]
[Site "Pattaya"]
[Date "2015.05.09"]
[Round "4"]
[White "Janzakov, Ansar"]
[Black "Tarigan, Gilbert Elroy"]
[Result "0-1"]
[WhiteElo "1952"]
[BlackElo "1812"]
[PlyCount "102"]
[EventDate "2015.05.07"]
[EventType "swiss"]
[EventRounds "9"]
[EventCountry "THA"]
[SourceTitle "CBM 166 Extra"]
[Source "ChessBase"]
[SourceDate "2015.06.18"]
[SourceVersion "1"]
[SourceVersionDate "2015.06.18"]
[SourceQuality "1"]

1. e4 c6 2. d4 d5 3. Nd2 dxe4 4. Nxe4 Nf6 5. Ng3 g6 6. Nf3 Bg7 7. Be2 0-0 8. 0-0 b6 9. c4 Bb7 10. h3 Nbd7 11. b3 c5 12. Bb2 cxd4 13. Bxd4 Re8 14. Qc2 e5 15. Bb2 Qc7 16. Rad1 Rad8 17. b4 a6 18. Ng5 e4 19. Rxd7 Rxd7 20. Bxf6 Bxf6 21. N5xe4 Bd4 22. Rd1 Qe5 23. Bf3 Red8 24. h4 f5 25. Ng5 Bxf3 26. Nxf3 Qxg3 27. Rxd4 Qc7 28. Rxd7 Qxd7 29. Qc3 Qd3 30. Qf6 Qd1+ 31. Kh2 Qd6+ 32. Qe5 Qxe5+ 33. Nxe5 Rd2 34. a4 Rxf2 35. Nd7 b5 36. axb5 axb5 37. cxb5 Rb2 38. Kh3 Rxb4 39. b6 Kf7 40. Kg3 Rg4+ 41. Kh3 Rb4 42. Kg3 Ke7 43. Ne5 Rxb6 44. Kf4 Rb2 45. g3 Kf6 46. Nd7+ Ke7 47. Nc5 Rb4+ 48. Kg5 Rg4+ 49. Kh6 Rxg3 50. Kxh7 f4 51. Ne4 Re3 0-1

[Event "Pavlodar op"]
[Site "Pavlodar"]
[Date "2014.12.01"]
[Round "1"]
[White "Janzakov, Ansar"]
[Black "Khegay, Dmitriy"]
[Result "0-1"]
[WhiteElo "1823"]
[BlackElo "2362"]
[PlyCount "84"]
[EventDate "2014.12.01"]
[EventType "swiss"]
[EventRounds "9"]
[EventCountry "KAZ"]
[SourceTitle "EXT 2016"]
[Source "ChessBase"]
[SourceDate "2015.10.08"]
[SourceVersion "1"]
[SourceVersionDate "2015.10.08"]
[SourceQuality "1"]

1. e4 c5 2. Nf3 e6 3. d4 cxd4 4. Nxd4 a6 5. Nc3 b5 6. Be3 Bb7 7. f3 Qc7 8. Qd2 Nf6 9. Bd3 Be7 10. a3 d6 11. 0-0 Nbd7 12. Nb3 0-0 13. Kh1 Rfd8 14. Qf2 Rac8 15. Rfd1 Nc5 16. Qg1 Nfd7 17. Bd4 Nxb3 18. cxb3 Bf6 19. Bxf6 Nxf6 20. Rac1 Qb8 21. b4 d5 22. exd5 Nxd5 23. Nxd5 Bxd5 24. Qe3 g6 25. Rc5 Rd7 26. Be4 Bc6 27. Rdc1 Rcd8 28. Re1 Bxe4 29. fxe4 Rd1 30. Rc1 Rxe1+ 31. Rxe1 Qe5 32. Rf1 Kg7 33. Qa7 Qf6 34. Rxf6 Rd1+ 35. Rf1 Rxf1+ 36. Qg1 Rxg1+ 37. Kxg1 Kf6 38. Kf2 Ke5 39. Ke3 f5 40. exf5 exf5 41. g3 g5 42. b3 f4+ 0-1

[Event "Wch U12"]
[Site "Al Ain"]
[Date "2013.12.24"]
[Round "8"]
[White "Kelemen, David"]
[Black "Janzakov, Ansar"]
[Result "1/2-1/2"]
[WhiteElo "1784"]
[BlackElo "1543"]
[PlyCount "105"]
[EventDate "2013.12.18"]
[EventType "swiss"]
[EventRounds "11"]
[EventCountry "UAE"]
[SourceTitle "CBM 158 Extra"]
[Source "ChessBase"]
[SourceDate "2014.02.28"]
[SourceVersion "1"]
[SourceVersionDate "2014.02.28"]
[SourceQuality "1"]

1. e4 c5 2. Nf3 d6 3. d4 cxd4 4. Nxd4 Nf6 5. Nc3 a6 6. Be3 Ng4 7. Bg5 Nc6 8. Nb3 Nf6 9. Qd2 e6 10. 0-0-0 Be7 11. f4 Qc7 12. Be2 Bd7 13. g4 0-0-0 14. Bxf6 gxf6 15. f5 Kb8 16. Nd4 h6 17. Nf3 Na5 18. Nh4 Rdg8 19. Ng2 Nc6 20. Nf4 Bf8 21. h3 Ne5 22. Kb1 Ka8 23. Rhf1 Be7 24. Rf2 Qd8 25. Rdf1 Bc8 26. Bd1 Qb6 27. Nce2 Nc4 28. Qc3 Ne3 29. Rf3 Nxf1 30. Rxf1 Bd7 31. Ng3 Rc8 32. Qd2 Qd8 33. Ngh5 e5 34. Nd5 Bc6 35. Be2 Bxd5 36. Qxd5 Qc7 37. c3 Qc6 38. Qd3 Rhd8 39. Bf3 Qa4 40. Rd1 Rc5 41. Ng3 Ra5 42. a3 Qb3 43. Kc1 Rc8 44. Ne2 Rc6 45. Rd2 Rb6 46. Rc2 Qa2 47. b4 Qxa3+ 48. Kd2 Ra4 49. Nc1 Qa1 50. Bd1 Rc6 51. Nb3 Qa3 52. Nc1 Qa1 53. Nb3 1/2-1/2